Ballon D'or 2007 Rankings - Statistics

General Stats
  • This quiz has been taken 33 times
  • The average score is 6 of 10
Answer Stats
Country Player % Correct
Portugal Cristiano Ronaldo
100%
Argentina Lionel Messi
97%
Brazil Kaka
93%
Ivory Coast Didier Drogba
83%
Sweden Zlatan Ibrahimovic
83%
Netherlands Ruud Van Nistelrooy
47%
Brazil Robinho
20%
Italy Andrea Pirlo
17%
Spain Cesc Fabregas
13%
Italy Francesco Totti
7%
No matching quizzes found
Score Distribution
Percent of People with Each Score
Percentile by Number Answered
Your Score History
You have not taken this quiz